000 00534nam a2200193Ia 4500
003 IEPS
005 20250703135239.0
008 250223s9999||||xx |||||||||||||| ||und||
040 _CIEPS
041 _aara
082 _a158.4
100 _aحسن علاوي محمد
245 0 _aسيكولوجية التدريب والمنافسات
250 _aط . 07
260 _aالقاهرة
_bدار المعارف
_c1992
300 _a327 ص.
_bغلاف ملون ومصور
_c24 سم
653 _aالتدريب
942 _cكتاب
999 _c11090
_d11090